000 00535nmm a2200169Ia 4500
008 251105s9999||||xx |||||||||||||||||und||
020 _a9786071608161
041 _aspa
100 _aOlguín, David
245 0 _aUn siglo de teatro en México
264 _a[México D.C., Mexico] :
_bFondo de Cultura Económica,
_c[Fecha de publicación no identificada]
300 _a396 páginas
490 _aBiblioteca Mexicana
650 _aLatin American theater
856 _uhttps://public.digitaliapublishing.com/a/135568
942 _cCF
999 _c75427
_d75427